000 00246nam a22000977a 4500
008 230713b |||||||| |||| 00| 0 eng d
020 _a9781974710027
100 _aAkutami Gege
_97692
245 _aJujutsu kaisen-1
260 _aUSA
_bSHUEISHA Inc
_c2022
999 _c12360
_d12360